Cuentos del bosque /
Cinco cuentos deliciosos donde los personajes creados por María Cristina Ramos nos deleitarán con sus historias plenas de ternura y amistad. Un libro para internarse en el mundo del bosque, conocer los secretos de los seres que lo habitan y los peligros que los acechan. Una obra que, desde la poesía...
Guardado en:
| Autor Principal: | |
|---|---|
| Otros Autores: | |
| Formato: | Libro |
| Publicado: |
Buenos Aires :
Santillana,
2003.
|
| Series: | Leer es genial. Cuidar y querer
|
| Materias: | |
| Etiquetas: |
Agregar Etiqueta
Sin Etiquetas, Sea el primero en etiquetar este registro!
|
| LEADER | 01211nam a22002295a 4500 | ||
|---|---|---|---|
| 001 | CEM.cems019996 | ||
| 008 | 230419s2003##################000#0#####d | ||
| 005 | 20230420185637.0 | ||
| 245 | 1 | 0 | |a Cuentos del bosque / |c María Cristina Ramos; ilustrado por Sandra Lavandeira. |
| 260 | |a Buenos Aires : |b Santillana, |c 2003. | ||
| 300 | |a 96 p. | ||
| 490 | 0 | |a Leer es genial. Cuidar y querer | |
| 505 | 0 | |a La orquesta -- El canto de la calandria -- Loros sueltos -- Gotas de nube -- Cuando un águila piensa | |
| 520 | |a Cinco cuentos deliciosos donde los personajes creados por María Cristina Ramos nos deleitarán con sus historias plenas de ternura y amistad. Un libro para internarse en el mundo del bosque, conocer los secretos de los seres que lo habitan y los peligros que los acechan. Una obra que, desde la poesía y la sensibilidad, invita a reflexionar con los chicos sobre el cuidado del medio ambiente y del planeta. | ||
| 020 | |a 9504610277 | ||
| 100 | 1 | |a Ramos, María Cristina. | |
| 700 | 1 | |a Lavandeira, Sandra; il. | |
| 653 | |a Literatura infantil | ||
| 653 | |a Literatura Argentina | ||
| 653 | |a Cuentos | ||
| 653 | |a Cuentos infantiles | ||
| 859 | |a CEMS |b BIB. CEMS - 11 de abril |h A868.4 |i R147-2 |k IP |p 2271 |t Ej.1 | ||
